| 000 | 00437nam a22001697a 4500 | ||
|---|---|---|---|
| 003 | NUST - PNEC | ||
| 005 | 20170116181103.0 | ||
| 008 | 151003b xxu||||| |||| 00| 0 eng d | ||
| 020 | _a0600384667 | ||
| 040 | _cLIBRARY | ||
| 082 | _a909.82 NAT | ||
| 100 |
_912486 _aNatkiel, Richard |
||
| 245 |
_aAtlas of 20th century history _cRichard Natkiel |
||
| 260 | _cc.1982 | ||
| 650 |
_912487 _aTwentieth century _xHistory |
||
| 942 |
_2ddc _cBK |
||
| 999 |
_c68836 _d68836 |
||